| 000 | 00000nam##2200000za#4500 |
| 001 | 9.679943 |
| 003 | CaOODSP |
| 005 | 20240212134143 |
| 007 | ta |
| 008 | 150407|1996||||xxc||||| f|0| 0 fre|d |
| 020 | |a0-662-81679-X |
| 040 | |aCaOODSP|bfre |
| 043 | |an-cn--- |
| 086 | 1 |aNE23-58/1996F |
| 110 | 1 |aCanada. |bOffice national de l'énergie. |
| 245 | 10|aEnquête publique sur la fissuration par corrosion sous tension des oléoducs et des gazoducs canadiens : |brapport de l'enquête |
| 246 | 14|aOffice nationale de l'énergie: rapport de l'enquête: fissuration par corrosion sous tension des oléoducs et gazoducs canadiens |
| 260 | |aCalgary - Alberta : |bOffice national de l'énergie |c1996. |
| 300 | |axxv, 174p. : |bfigures, graphiques, références ; |c28 cm. |
| 500 | |aMot symbole sur la couverture: FCST: Fissuration par corrosion sous tension. Sommaire: Les pipelines au Canada.--Enquête sur la fissuration par corrosion sous tension.--Comprendre la corrosion par fissuration sous tension.--Prévention, détection et atténuation.--Questions relatives aux collectivités.--Vers l'avenir.--Annexes.--Notes. |
| 563 | |aCouverture souple |
| 590 | |a97-01|b1997-01-03 |
| 691 | 07|aPipeline|2gcpds |
| 775 | 08|tPublic inquiry concerning stress corrosion cracking on Canadian oil and gas pipelines : |w(CaOODSP)9.646397 |
| 776 | 0#|tEnquête publique sur la fissuration par corrosion sous tension des oléoducs et des gazoducs canadiens : |w(CaOODSP)9.640092 |
| 986 | |aMH-2-95 |